000 01516nam0a2200385 4500
001 RU\NLR\bibl\1171627
005 20260406121747.0
010 _a978-5-360-00502-5
_91000
021 _aRU
_b2007-78254
_94211
035 _a(NLR Aleph) 001158313
090 _a1521306
_c1521306
100 _a20071225d2007 |||y0rusy50 ca
101 0 _arus
102 _aRU
105 _aa |||||||||
200 1 _aЛеворукий ребенок в школе и дома
_fМ.М. Безруких
210 _aМосква
_cВентана-Граф
_d2007
215 _a228, [3] с.
_cил.
_d23
225 1 _aВаш ребенок
320 _aБиблиогр. в конце кн.
606 1 _aЛеворукие дети
_xВоспитание в семье
_92466314
_3RU\NLR\auth\661465133
606 1 _aЛеворукие дети
_xПодготовка к школе
_92241334
_3RU\NLR\auth\661344912
606 1 _aЛеворукие дети
_xОбучение
_92180120
_3RU\NLR\auth\661311074
606 1 _aЛеворукость у детей
_xПсихологические исследования
_92168514
_3RU\NLR\auth\661304593
686 _aЧ491.71
686 _aЧ411.389
686 _aЧ421.2
686 _aЮ983.61
700 1 _4070
_8rus
_7ca
_aБезруких
_bМ. М.
_f1945-
_gМарьяна Михайловна
_3RU\NLR\AUTH\77585
_9110631
801 0 _aRU
_bNLR
_c20071225
_gRCR
801 1 _aRU
_bNLR
_c20071225
830 _aАвт. по кн.
942 _cBOOK
980 _aNB